Países Africanos con el Menor Número de Fronteras - Estadísticas

Estadísticas generales
  • Esta prueba ha sido intentada 21 veces
  • La puntuación promedio es 13 de 14
Estadísticas de respuestas
Respuesta % Correcto
Cabo verde
100%
Lesoto
100%
Madagascar
100%
Mauricio
100%
Santo Tomé y Príncipe
100%
Seychelles
100%
Comoras
94%
Esuatini
94%
Gambia
94%
Guinea-Bissau
89%
Guinea Ecuatorial
89%
Túnez
89%
Sierra Leona
67%
Marruecos
33%
No se encontraron pruebas coincidentes
Distribución de puntuación
Porcentaje de gente con cada puntuación
Porcentaje por número respondido
Historial de tus puntuaciones
No has intentado esta prueba.